000 00815cam a2200301 4500
001 J3790
008 090401t1996 xxu||||| |||| 00| 0 eng d
035 _a(Sirsi) u56945
041 _aeng
050 _a333.337016
110 _aHillier Parker
_92054
245 _aSpecialised property. - July 1996 - December 1996
260 _aLondon
_bHillier Parker May and Rowden
_c1996
300 _a2 pt. ; 30cm.
350 _a0
520 _aSERIES DISCONTINUED.
650 _aINDICES
650 _aMARKET TOWNS
650 _aOFFICE PARKS
650 _aRENT INDEX
650 _aRETAIL WAREHOUSES
650 _aSPECIALISED PROPERTY
650 _aWAREHOUSES
650 _aYIELDS
690 _aPROPERTY-COMMERCIAL PROPERTY-COMMERCIAL PROPERTY FINANCE AND INVESTMENT
942 _n0
948 _c04/03/1997
999 _c93860
_d93860